NBA Teams Best Offensive Player Ever - Statistics

General Stats
  • This quiz has been taken 98 times
  • The average score is 22 of 30
Answer Stats
Team Player % Correct
CLE LeBron James
94%
MIA LeBron James
94%
CHI Michael Jordan
94%
BOS Larry Bird
93%
MIL Kareem Abdul-Jabbar
91%
GSW Steph Curry
91%
BKN Kevin Durant
90%
DEN Nikola Jokic
85%
HOU James Harden
84%
DAL Luka Doncic
80%
ORL Shaquille O'Neal
80%
POR Damian Lillard
78%
MIN Kevin Garnett
77%
UTA Karl Malone
75%
LAL Magic Johnson
75%
MEM Ja Morant
73%
TOR Kawhi Leonard
73%
OKL Russell Westbrook
73%
ATL Trae Young
73%
IND Reggie Miller
72%
LAC Chris Paul
70%
NOP Chris Paul
70%
PHO Steve Nash
68%
SAS David Robinson
65%
PHI Wilt Chamberlain
64%
WAS John Wall
57%
CHA Kemba Walker
53%
SAC Oscar Robertson
51%
NYK Walt Frazier
37%
DET Grant Hill
21%
No matching quizzes found
Score Distribution
Percent of People with Each Score
Percentile by Number Answered
Your Score History
You have not taken this quiz